000
00345 a2200157 4500
001
151524
040
_c
Escola São Tomás de Aquino
100
_a
ROCHA, Ruth
240
1
0
_a
Os 101 Dálmatas
_l
por
245
1
0
_a
Os 101 Dálmatas
300
_a
32
362
0
_a
1981
440
1
_a
Melhoramentos
697
_a
*LITERATURA INFANTO
942
_c
BK
999
_c
151524
_d
151524